<?xml version="1.0" encoding="UTF-8"?><?xml-stylesheet type="text/xsl" href="static/style.xsl"?><OAI-PMH xmlns="http://www.openarchives.org/OAI/2.0/" xmlns:xsi="http://www.w3.org/2001/XMLSchema-instance" xsi:schemaLocation="http://www.openarchives.org/OAI/2.0/ http://www.openarchives.org/OAI/2.0/OAI-PMH.xsd"><responseDate>2026-06-04T03:21:15Z</responseDate><request verb="GetRecord" identifier="oai:riuma.uma.es:10630/37604" metadataPrefix="marc">https://riuma.uma.es/rest/oai/request</request><GetRecord><record><header><identifier>oai:riuma.uma.es:10630/37604</identifier><datestamp>2026-02-03T11:41:29Z</datestamp><setSpec>com_10630_2254</setSpec><setSpec>col_10630_37956</setSpec></header><metadata><record xmlns="http://www.loc.gov/MARC21/slim" xmlns:dcterms="http://purl.org/dc/terms/" xmlns:doc="http://www.lyncode.com/xoai" xmlns:xsi="http://www.w3.org/2001/XMLSchema-instance" xsi:schemaLocation="http://www.loc.gov/MARC21/slim http://www.loc.gov/standards/marcxml/schema/MARC21slim.xsd">
   <leader>00925njm 22002777a 4500</leader>
   <datafield ind2=" " ind1=" " tag="042">
      <subfield code="a">dc</subfield>
   </datafield>
   <datafield ind2=" " ind1=" " tag="720">
      <subfield code="a">Esteban-Segura, María Laura</subfield>
      <subfield code="e">author</subfield>
   </datafield>
   <datafield ind2=" " ind1=" " tag="260">
      <subfield code="c">2024</subfield>
   </datafield>
   <datafield ind2=" " ind1=" " tag="520">
      <subfield code="a">El presente trabajo centra su atención en la versión del tratado ginecológico y obstétrico The Sekenesse of Wymmen (‘Las enfermedades de las mujeres’) contenida en los folios 149v-165v de Glasgow, Biblioteca Universitaria, MS Hunter 307, un compendio médico en inglés medio de principios del siglo XV. El objetivo principal es realizar un estudio del tratado desde el punto de vista de la forma y del contenido para establecer las cuestiones relativas a la creatividad y la innovación presentes en esta obra medieval. Para tal fin, se ha consultado el manuscrito in situ, así como las imágenes digitalizadas proporcionadas por la Biblioteca de la Universidad de Glasgow.</subfield>
   </datafield>
   <datafield ind1="8" ind2=" " tag="024">
      <subfield code="a">Pedro J. Chamizo Domínguez (ed.), La creatividad en las Humanidades: perspectivas singulares y universales. Sevilla: Editorial Renacimiento. 75-88. ISBN: 9788410148291</subfield>
   </datafield>
   <datafield ind1="8" ind2=" " tag="024">
      <subfield code="a">https://hdl.handle.net/10630/37604</subfield>
   </datafield>
   <datafield tag="653" ind2=" " ind1=" ">
      <subfield code="a">Inglés medieval - Fuentes</subfield>
   </datafield>
   <datafield tag="653" ind2=" " ind1=" ">
      <subfield code="a">Manuscritos ingleses</subfield>
   </datafield>
   <datafield tag="653" ind2=" " ind1=" ">
      <subfield code="a">Medicina medieval - Fuentes</subfield>
   </datafield>
   <datafield ind2="0" ind1="0" tag="245">
      <subfield code="a">Medicina para mujeres en la época medieval: estudio de Glasgow, Biblioteca Universitaria, Ms. Hunter 307 (ff. 149v-165v).</subfield>
   </datafield>
</record>
</metadata></record></GetRecord></OAI-PMH>